Liptovská Teplička

Bibliographic Details
Main Author: Michálek, Ján, 1932-2020 (Author, Compiler)
Other Authors: Hrinko, Vasil (Author of introduction, etc.)
Format: Book
Language:Slovak
PhysicalDescription:262, [4] s., 92 s. obr. a fotogr. príl. 8°
Published: Košice Východoslovenské vydavateľstvo 1973
Edition:1. vyd.
Subjects:

MARC

LEADER 00000cam a2200000 a 4500
001 vtls008338760
003 SK-MaSNL
005 20260301182943.0
008 230501s1973 xo o n 000 0 slo
015 |a SNBA1973/12-02830 
020 |q (viazané) 
035 |a SK01SNK19730030977 
035 |a 027ACF4C-5BC6-4323-9809-48D64AE33588 
035 |a urn:nbn:sk:snk-am00iizx 
035 |a SKM000033440 
040 |a SNK  |b slo  |c SNK  |e AACR2 
041 0 |a slo  |b eng  |b ger  |b rus 
044 |a xo  |c SK 
080 |a 908.437.6  |2 1981 
100 1 |a Michálek, Ján,  |d 1932-2020  |4 aut  |4 com  |9 221785 
245 1 0 |a Liptovská Teplička  |c Ján Michálek a kol. ; predhovor: Vasil Hrinko 
250 |a 1. vyd. 
260 |a Košice  |b Východoslovenské vydavateľstvo  |c 1973  |e Košice  |f Východoslovenské tlačiarne 
300 |a 262, [4] s., 92 s. obr. a fotogr. príl.  |c 8° 
366 |e 3000 výtl. 
500 |a Vydalo Východoslovenské vydavateľstvo pre ONV Poprad 
504 |a Obsahuje bibliografiu 
546 |a Ruské, nemecké a anglické resumé 
563 |a 3000 výtl. Nepredajné 
651 7 |a Liptovská Teplička (Slovensko)  |2 SNKPHgeo  |9 20039 
655 7 |a monografie  |2 SNKPH  |9 70139 
700 1 |a Hrinko, Vasil  |4 aui  |9 557558 
852 |a Slovenská národná knižnica 
954 |a odborná, vedecká literatúra pôvodná (slovenská)  |2 lita 
958 |a OND 
958 |a RK 
958 |a NB 
958 |a EUIPO 
999 |c 855314  |d 857244 
952 |t P60, <04>, [BOOK], {604}  |a SNK  |b SNK  |y VYP  |7 0  |p 17A0220516  |o snkSC 32365 D1  |0 0  |1 0  |4 0  |d 1999-12-01  |l 0  |r 2005-01-02 00:00:00  |w 2026-02-24 
952 |a SNK  |b SNK  |y PREZ  |7 0  |p 17A0927545  |o snkSC 32365  |i snkKSP 7825/73  |0 0  |1 0  |4 0  |d 2012-09-26  |f 1  |l 0  |r 2025-09-30 00:00:00  |w 2026-02-24